[Event "Torneo Interdepartamental 2020"]
[Site "Punta del Este"]
[Date "2020.11.02"]
[Round "5.11"]
[White "Gatti, Santiago"]
[Black "Chamlian, Aram"]
[Result "0-1"]
[WhiteElo "1691"]
[BlackElo "1710"]
[Annotator "NA"]
[PlyCount "58"]
[EventDate "2020.10.31"]
[EventType "team-tourn"]
[EventCountry "URU"]
[SourceTitle "playchess.com"]
[Source "ChessBase"]
[SourceQuality "1"]
[TimeControl "3600+30"]

1. d4 {[%emt 0:00:10]} d5 {[%emt 0:06:55]} 2. Nf3 {[%emt 0:00:08]} Nf6 {[%emt 0:00:38]} 3. Bf4 {[%emt 0:00:15]} e6 {[%emt 0:01:12]} 4. e3 {[%emt 0:00:17]} Bd6 {[%emt 0:01:05]} 5. Bg3 {[%emt 0:00:19]} O-O {[%emt 0:00:19]} 6. Bd3 {[%emt 0:00:19]} Nbd7 {[%emt 0:01:17]} 7. Nbd2 {[%emt 0:00:18]} Re8 {[%emt 0:00:50]} 8. Ne5 {[%emt 0:00:55]} Nf8 {[%emt 0:00:24]} 9. O-O {[%emt 0:01:37]} N6d7 {[%emt 0:01:46]} 10. f4 {[%emt 0:16:56]} f6 {[%emt 0:01:48]} 11. Nxd7 {[%emt 0:02:25]} Bxd7 {[%emt 0:00:27]} 12. Nf3 {[%emt 0:00:35]} c5 {[%emt 0:01:58]} 13. c3 {[%emt 0:00:18]} c4 {[%emt 0:01:43]} 14. Bc2 {[%emt 0:00:23]} b5 {[%emt 0:00:05]} 15. e4 {[%emt 0:08:42]} f5 {[%emt 0:04:44]} 16. exf5 {[%emt 0:06:50]} exf5 {[%emt 0:00:21]} 17. Ne5 {[%emt 0:00:17]} Bxe5 {[%emt 0:01:54]} 18. fxe5 {[%emt 0:00:22]} g6 {[%emt 0:00:46]} 19. Qf3 {[%emt 0:02:16]} Bc6 {[%emt 0:00:21]} 20. Bxf5 {[%emt 0:14:20]} gxf5 {[%emt 0:01:33]} 21. Qxf5 {[%emt 0:00:05]} Qe7 {[%emt 0:00:14]} 22. Rf4 {[%emt 0:11:11]} Ng6 {[%emt 0:01:11]} 23. Rg4 {[%emt 0:01:53]} Bd7 {[%emt 0:00:14]} 24. e6 {[%emt 0:00:36]} Bxe6 {[%emt 0:00:21]} 25. Rxg6+ {[%emt 0:00:28]} hxg6 {[%emt 0:00:10]} 26. Qxg6+ {[%emt 0:00:05]} Qg7 {[%emt 0:00:08]} 27. Qh5 {[%emt 0:00:43]} Bf7 {[%emt 0:00:51]} 28. Qh4 {[%emt 0:00:26]} Re4 {[%emt 0:00:16]} 29. Qh3 {[%emt 0:00:47]} Qg5 0-1

[Event "Torneo Interdepartamental 2020"]
[Site "Punta del Este"]
[Date "2020.11.02"]
[Round "5.12"]
[White "Zecharies, Alexis"]
[Black "Delbono, Ruben"]
[Result "1-0"]
[WhiteElo "1823"]
[BlackElo "1573"]
[Annotator "NA"]
[PlyCount "43"]
[EventDate "2020.10.31"]
[EventType "team-tourn"]
[EventCountry "URU"]
[SourceTitle "playchess.com"]
[Source "ChessBase"]
[SourceQuality "1"]
[TimeControl "3600+30"]

1. d4 d5 {[%emt 0:00:00]} 2. Bf4 {[%emt 0:07:42]} Nf6 {[%emt 0:01:24]} 3. Nc3 {[%emt 0:00:05]} g6 {[%emt 0:00:33]} 4. e3 {[%emt 0:00:41]} Bg7 {[%emt 0:00:27]} 5. h4 {[%emt 0:00:02]} Nc6 6. Nb5 {[%emt 0:06:07]} O-O {[%emt 0:04:33]} 7. Nxc7 {[%emt 0:01:31]} Nh5 {[%emt 0:00:19]} 8. Bh2 {[%emt 0:01:06]} e5 {[%emt 0:00:48]} 9. Nxa8 {[%emt 0:01:56]} Qa5+ {[%emt 0:02:51]} 10. Qd2 {[%emt 0:06:06]} Qxd2+ {[%emt 0:00:14]} 11. Kxd2 {[%emt 0:00:01]} Bd7 {[%emt 0:00:28]} 12. Nc7 {[%emt 0:00:30]} exd4 {[%emt 0:01:34]} 13. Nxd5 {[%emt 0:04:00]} dxe3+ {[%emt 0:00:45]} 14. Nxe3 {[%emt 0:00:02]} Be6 {[%emt 0:02:45]} 15. Nf3 {[%emt 0:08:22]} Rd8+ {[%emt 0:04:30]} 16. Bd3 {[%emt 0:00:08]} Nf6 {[%emt 0:01:39]} 17. Ke2 {[%emt 0:01:28]} Nd5 {[%emt 0:05:47]} 18. Nxd5 {[%emt 0:04:20]} Bxd5 {[%emt 0:00:15]} 19. Rhe1 {[%emt 0:00:28]} Bxb2 {[%emt 0:02:36]} 20. Rab1 {[%emt 0:00:01]} Bc3 {[%emt 0:00:25]} 21. Red1 {[%emt 0:00:02]} Re8+ {[%emt 0:00:47]} 22. Kf1 {[%emt 0:00:02]} 1-0